| 000 | 00930nam a22002297a 4500 | ||
|---|---|---|---|
| 999 |
_c64508 _d64508 |
||
| 005 | 20240530110735.0 | ||
| 008 | 180712s2000 ua a g b 000 0 ara d | ||
| 040 |
_aEG-CaGPL _cEG-CaGPL |
||
| 082 | 0 | 4 |
_221 _a155.232 / _bم أ |
| 100 | 0 | _aمدحت عبدالحميد ابوزيد | |
| 245 | 1 | 2 |
_aالاكتئاب : _bدراسة فى السيكوباثومترى / _cمدحت عبدالحميد ابوزيد ؛ تقديم عباس محمود عوض |
| 260 |
_aالقاهرة : _bدار المعرفة الجامعية ، _c2000. |
||
| 300 |
_a454 ص. : _bايض ؛ _c24 سم. |
||
| 504 | _aيشتمل على ارجاعات ببليوجرافية | ||
| 650 | 0 | 7 |
_2qrmak _aالاكتئاب |
| 650 | 0 | 7 |
_2qrmak _aالصحة النفسية |
| 650 | 0 | 7 |
_2qrmak _aالامراض النفسية |
| 651 | _2qrmak | ||
| 700 | 0 |
_aعباس محمود عوض _eمقدم |
|
| 942 |
_2ddc _cBK |
||